000 00790nam a2200241 i 4500
001 bgj
003 BPK
005 20230512103134.0
008 950606s1983 gw |000 0 ger d
020 _a349202839X
040 _cBPK
041 0 _ager
080 _a1
100 1 _aJaspers, Karl
_d(1883-1969)
_eAutor
245 1 0 _aDenkwege :
_beine Lesebuch /
_cKarl Jaspers ; Auswahl und Zusammenstellung der Texte von Hans Saner.
260 _aMünchen ;
_aZürich :
_bR. Piper und Co. Verlag,
_c1983.
300 _a157 s. ;
_c18 cm.
650 4 _aFilozofia
700 1 _aSaner, Hans
_d(1934- ).
_ePrzedm.
740 1 0 _aKarl Jaspers Denkwege
856 _uhttp://koha.tu.koszalin.pl/cgi-bin/koha/opac-detail.pl?biblionumber=50719
_yKatalog online BPK
942 _cKS
_2UKD
999 _c50719
_d50719